| 000 | 00672nam a2200193 a 4500 | ||
|---|---|---|---|
| 008 | 120416s1968 ||||||||||||||||| || u | ||
| 050 | _aHD 9696 Ski | ||
| 100 | _aAckerman, Robert W | ||
| 245 | 1 | 0 | _aManufacturing policy in the electronics industry |
| 246 | _aa casebook of major production problems | ||
| 250 | _a3rd ed. | ||
| 260 |
_aHomewood _bIrwin _c1968 |
||
| 350 | _a0.00 | ||
| 650 | 0 | _aELECTRONICS | |
| 650 | _aELECTRONIC INDUSTRIES | ||
| 650 | _aManufacturing policy | ||
| 700 | _aSkinner, Wickham | ||
| 995 |
_D0.00 _FCBU-MAIN LIBRARY (Kitwe) _H1 _I0.00 _M1 _UAVAILABLE _ZAnnex Low-Usage Collection |
||
| 999 |
_c50318 _d50318 |
||